000 00327nam a22001457a 4500
008 240206b ||||| |||| 00| 0 eng d
020 _a047144510
041 _aeng
080 _22003
_a159.9
082 _a159.9ULR
100 _a25
101 _aPSI
245 _aWHY THE BOTTOM LINE ISN*T!
_cDAVE ULRICH
942 _2udc
_cBK
999 _c60583
_d60583